[Event "Muensterland op 41st"]
[Site "Muenster"]
[Date "2024.10.15"]
[Round "5"]
[White "Pitschka, Claus"]
[Black "Lamers, Ludwig"]
[Result "1-0"]
[WhiteElo "2083"]
[BlackElo "1959"]
[PlyCount "75"]
[EventDate "2024.10.12"]
[EventType "swiss"]
[EventRounds "9"]
[EventCountry "GER"]
[SourceTitle "CB43_2024"]
[Source "Chessbase"]
[SourceDate "2024.10.23"]
[SourceVersion "1"]
[SourceVersionDate "2024.10.23"]
[SourceQuality "1"]

1. d4 Nf6 2. Bf4 d5 3. e3 c5 4. c3 Nc6 5. Nd2 Bf5 6. Ngf3 h6 7. dxc5 g5 8. Bg3 Bg7 9. Nd4 Bg6 10. Bb5 Rc8 11. Nxc6 bxc6 12. Ba6 Rb8 13. Bxb8 Qxb8 14. Qb3 Qc7 15. Qb7 Kd7 16. Ke2 Qxb7 17. Bxb7 Rb8 18. Ba6 Rxb2 19. f3 Kc7 20. Bd3 Bxd3+ 21. Kxd3 Nd7 22. Rhb1 Nxc5+ 23. Ke2 Bxc3 24. Rxb2 Bxb2 25. Rb1 Na4 26. Kd3 Be5 27. g3 Bd6 28. f4 c5 29. fxg5 hxg5 30. Rf1 c4+ 31. Kc2 f6 32. h4 Kd7 33. hxg5 fxg5 34. Rf5 Ke6 35. Rxg5 Bc5 36. e4 Bd6 37. exd5+ Kf6 38. Ne4+ 1-0

[Event "Muensterland op 41st"]
[Site "Muenster"]
[Date "2024.10.14"]
[Round "4"]
[White "Lamers, Ludwig"]
[Black "Feldmann, Johannes"]
[Result "1/2-1/2"]
[WhiteElo "1959"]
[BlackElo "2209"]
[PlyCount "73"]
[EventDate "2024.10.12"]
[EventType "swiss"]
[EventRounds "9"]
[EventCountry "GER"]
[SourceTitle "CB43_2024"]
[Source "Chessbase"]
[SourceDate "2024.10.23"]
[SourceVersion "1"]
[SourceVersionDate "2024.10.23"]
[SourceQuality "1"]

1. d4 Nf6 2. c4 g6 3. g3 Bg7 4. Bg2 d5 5. cxd5 Nxd5 6. e4 Nb6 7. Ne2 c5 8. d5 e6 9. Nbc3 0-0 10. dxe6 Qxd1+ 11. Nxd1 Bxe6 12. Be3 Na6 13. 0-0 Rfd8 14. f4 Rac8 15. Nec3 Nb4 16. f5 Bc4 17. Rf2 Be5 18. Rd2 Bd3 19. a3 Nc2 20. Rc1 Nc4 21. Rdxc2 Bxc2 22. Rxc2 Bxc3 23. Rxc3 Rxd1+ 24. Kf2 Nxe3 25. Kxe3 Kg7 26. Bf3 Rb1 27. Rc2 Kf6 28. Kf4 g5+ 29. Kg4 b5 30. Rd2 Re1 31. Rd6+ Ke7 32. Ra6 f6 33. Rxa7+ Kd6 34. Ra6+ Ke7 35. Ra7+ Kd6 36. Ra6+ Ke7 37. Ra7+ 1/2-1/2